000 00911nam a22002417a 4500
999 _c53647
_d53647
005 20190519130204.0
008 110708t xxu||||| |||| 00| 0 eng d
010 _aENG-102936 B-447560-564
020 _c395.00
_a9789380228723
035 _aEN-86469 B-447560-564
037 _bDBAD/PUB
037 _bBPPD/KKP/VEN
040 _adpl
_bEnglish
082 _a346.540482
100 _929042
_aRao, Dipanshu
245 _aCopyright law :
_ba comparitive study /
_cby Dipanshu Rao
260 _aNew Delhi
_bGlobal India Publications
_c2010
270 _a11, Darya Ganj
_bNew Delhi
_e110 002
300 2 _a308p.
_c22cm (pbk)
500 _aIncludes bibliographical references and index
942 _2ddc
_cEN
_mRAO
_h346.540482